[Event "Beersheba"]
[Site "Beersheba"]
[Date "1988.??.??"]
[Round "?"]
[White "Greenfeld, Alon"]
[Black "Lederman, Leon"]
[Result "1-0"]
[WhiteElo "2510"]
[BlackElo "2375"]

1.d4 d5 2.Nf3 Nf6 3.c4 e6 4.Nc3 c6 5.e3 Nbd7 6.Bd3 dxc4 7.Bxc4 b5 8.Bd3 a6
9.e4 c5 10.e5 cxd4 11.Nxb5 axb5 12.exf6 Qb6 13.fxg7 Bxg7 14.O-O O-O 15.Re1 Bb7
16.Bf4 Kh8 17.Ng5 e5 18.Qh5 Nf6 19.Qh3 e4 20.Bxe4 Bxe4 21.Rxe4 h6 22.Ree1 Nd5
23.Bd2 Qg6 24.Nf3 Qd6 25.Nxd4 Bxd4 26.Bxh6 Kg8 27.Qg4+ Kh7 28.Bxf8 Qf6 29.Qh5+ Kg8
30.Qxd5 Bxf2+ 31.Kh1 Bxe1 32.Rxe1 Rxf8 33.Qxb5 Rd8 34.Re8+  1-0

[Event "GMA-Open"]
[Site "Belgrade"]
[Date "1988.??.??"]
[Round "?"]
[White "Bykhovsky, Avigdor"]
[Black "Atanasijadis, Antimos"]
[Result "1-0"]
[WhiteElo "2445"]
[BlackElo "2260"]

1.d4 d5 2.c4 e6 3.Nc3 c6 4.e3 Nf6 5.Nf3 Nbd7 6.Bd3 Be7 7.O-O O-O 8.b3 b6
9.Bb2 Bb7 10.Qe2 dxc4 11.bxc4 c5 12.Rad1 cxd4 13.exd4 Re8 14.Ne5 g6 15.f4 Bf8
16.Bc2 a6 17.a4 Qc7 18.Bb3 Bg7 19.Rd3 Rad8 20.Rfd1 Qd6 21.a5 Qb4 22.Na2 Qd6
23.axb6 Be4 24.Re3 Qxb6 25.Ba4 Ba8 26.Rb3 Qa5 27.Ra3 Qc7 28.Nb4 a5 29.Na6 Qa7
30.Bb5 Rf8 31.Rxa5 Nxe5 32.fxe5 Ne4 33.Raa1 Bxe5 34.Nc5 Bxh2+ 35.Kxh2 Qc7+
36.Kg1 Ng5 37.Qe5 Qe7 38.Ba3 f6 39.Qe2 Qd6 40.Ne4  1-0

[Event "GMA-Open"]
[Site "Belgrade"]
[Date "1988.??.??"]
[Round "?"]
[White "Jovic, Aleksandar"]
[Black "Karaklajic, Nikola"]
[Result "0-1"]
[WhiteElo "2290"]
[BlackElo "2385"]

1.c4 c6 2.Nc3 d5 3.d4 Nf6 4.Nf3 e6 5.e3 Nbd7 6.Bd3 a6 7.O-O dxc4 8.Bxc4 b5
9.Be2 c5 10.dxc5 Bxc5 11.a3 Bb7 12.b4 Be7 13.Qb3 O-O 14.Rd1 Qc7 15.Bb2 Rad8
16.a4 Ng4 17.h3 Bxf3 18.hxg4 bxa4 19.Rxa4 Bxe2 20.Nxe2 Qb7 21.Rda1 Nc5 22.Qc3 Bf6
23.Qxc5 Bxb2 24.Rf1 Rd2 25.Ng3 Rfd8 26.Qc4 Be5 27.Qxa6 Qxa6 28.Rxa6 Bxg3
29.fxg3 Rb2 30.Rb6 h6 31.Rf2 Rd1+ 32.Rf1 Rdd2 33.Rb8+ Kh7 34.Rxf7 Rxg2+ 35.Kf1 Rxg3
36.Rf4 Rh3 37.Rf2 Rb3 38.Rb7 Rg3 39.Rf4 Rbxe3 40.Kf2 Rb3 41.Re7 Rh3 42.Rxe6 Rb2+
43.Kg1 Rc3 44.Ree4 Rc1+ 45.Rf1 Rcc2 46.Rf5 Rd2 47.Rc4 Rd3 48.Rf2 Rb1+ 49.Kg2 Rdb3
50.Rf3 R3b2+ 51.Kg3 Rg1+ 52.Kf4 Re2 53.b5 Rb2 54.Rc5 Rb4+ 55.Ke5 Rgxg4 56.Kd6 Rg6+
57.Kc7 Re6 58.Rd3 g5 59.Rc6 Re7+ 60.Kc8 Rxb5 61.Rh3 Rg7 62.Rcxh6+ Kg8 63.Rh8+ Kf7
64.Kd7 Rb6  0-1

[Event "GMA-Open"]
[Site "Belgrade"]
[Date "1988.??.??"]
[Round "?"]
[White "Ivanovic, Bozidar"]
[Black "Sveshnikov, Evgeny"]
[Result "1/2-1/2"]
[WhiteElo "2540"]
[BlackElo "2450"]

1.d4 Nf6 2.c4 e6 3.Nf3 d5 4.Nc3 c6 5.e3 Nbd7 6.Qc2 Bd6 7.Be2 O-O 8.O-O Re8
9.Rd1 Qe7 10.e4 dxe4 11.Nxe4 Nxe4 12.Qxe4 e5 13.Bg5 f6 14.Be3 exd4 15.Qxe7 Bxe7  1/2-1/2

[Event "GMA-Open"]
[Site "Belgrade"]
[Date "1988.??.??"]
[Round "?"]
[White "Ilic, Zoran"]
[Black "Savchenko, Stanislav"]
[Result "0-1"]
[WhiteElo "2360"]
[BlackElo "2480"]

1.d4 d5 2.Nf3 c6 3.c4 Nf6 4.Nc3 e6 5.e3 Nbd7 6.Bd3 dxc4 7.Bxc4 b5 8.Be2 Bb7
9.O-O b4 10.Na4 Be7 11.Bd2 O-O 12.Qc2 a5 13.a3 bxa3 14.bxa3 c5 15.dxc5 Rc8
16.Rfc1 Ne4 17.Be1 Ndxc5 18.Nxc5 Nxc5 19.Rd1 Bd5 20.Rab1 a4 21.Bb4 Nb3 22.Bxe7 Rxc2
23.Bxd8 Rxe2 24.Be7 Re8 25.Bb4 Ra2 26.Re1 f5 27.Nd4 Rc8 28.Bd6 Kf7 29.h3 g5
30.Rbd1 Nxd4 31.Rxd4 Rc6 32.Bg3 Rxa3 33.h4 g4 34.Rb1 Ra6 35.Rc1 Ra7 36.Rb4 Rb3
37.Bd6 Rxb4 38.Bxb4 a3 39.Ra1 a2 40.Bc3 g3 41.fxg3 Rc7 42.Be5 Rc2 43.Kf1 Bxg2+
44.Ke1 Bf3 45.Kf1 Kg6 46.Kg1 Kh5 47.Kf1 Kg4 48.Kg1 Be2 49.Re1 Kf3  0-1

[Event "GMA-Open"]
[Site "Belgrade"]
[Date "1988.??.??"]
[Round "?"]
[White "Brkljaca, Ante"]
[Black "Todorovic, Goran M"]
[Result "1/2-1/2"]
[WhiteElo "2355"]
[BlackElo "2425"]

1.d4 d5 2.Nf3 e6 3.c4 Nf6 4.Nc3 c6 5.e3 Nbd7 6.Bd3 dxc4 7.Bxc4 b5 8.Bd3 a6
9.a4 b4 10.Ne4 Bb7 11.O-O c5 12.Ng3 Be7 13.Qe2 h5 14.h3 h4 15.Nh1 cxd4 16.exd4 Nd5
17.Ne5 Qb6 18.Rd1 Nxe5 19.dxe5 g6 20.a5 Qc6 21.f3 Rh5 22.Nf2 Bc5 23.Kh1 Bxf2
24.Qxf2 Qc7 25.f4 Kf8 26.Be3 Kg7 27.Bb6 Qd7 28.Be2 Rhh8 29.Rd4 Rac8 30.Bf3 b3
31.f5 gxf5 32.Rxh4 Ne7 33.Rd4 Bd5 34.Qg3+ Kf8 35.Bxd5 Nxd5 36.Qxb3 Qc6 37.Qa3+ Ke8
38.Rad1 Rg8 39.Qf3 Rg6 40.b4 Kf8 41.Bc5+ Kg7 42.Rh4 Rh8 43.Rc1 Qa4 44.Rxh8 Kxh8
45.Qh5+ Kg8 46.Be3 Qd7 47.Bg5 Qb7 48.Rc2 Kg7 49.Kh2 Qb8 50.Kh1 f4 51.h4 Qxb4
52.Rc8 Qe1+ 53.Kh2  1/2-1/2

[Event "GMA-Open"]
[Site "Belgrade"]
[Date "1988.??.??"]
[Round "?"]
[White "Kosic, Dragan"]
[Black "Raicevic, Momcilo"]
[Result "1-0"]
[WhiteElo "2440"]
[BlackElo "2370"]

1.d4 d5 2.c4 e6 3.Nc3 c6 4.e3 Nf6 5.Nf3 Nbd7 6.Qc2 Bd6 7.Be2 dxc4 8.Bxc4 b5
9.Be2 Bb7 10.O-O O-O 11.e4 c5 12.e5 cxd4 13.exf6 dxc3 14.fxg7 Kxg7 15.Qxc3+ Qf6
16.Rd1 Bd5 17.Bxb5 Ne5 18.Nxe5 Bxe5 19.Qh3 Rg8 20.Bd3 Kf8 21.Bh6+ Ke7 22.Be4 Bd4
23.Qa3+ Kd8 24.Qd6+  1-0

[Event "GMA-Open"]
[Site "Belgrade"]
[Date "1988.??.??"]
[Round "?"]
[White "Wilder, Michael"]
[Black "Sveshnikov, Evgeny"]
[Result "1/2-1/2"]
[WhiteElo "2505"]
[BlackElo "2450"]

1.d4 d5 2.c4 e6 3.Nc3 c6 4.Nf3 Nf6 5.e3 Nbd7 6.Qc2 Bd6 7.Be2 O-O 8.O-O Re8
9.Rd1 Qe7 10.e4 dxe4 11.Nxe4 Nxe4 12.Qxe4 e5 13.Bg5 f6 14.Be3 exd4 15.Qxe7 Bxe7
16.Nxd4 Nc5 17.Bf3 a5 18.b3 Kf7 19.h4 g6 20.g3 h5 21.Kg2 Bf8 22.Rac1 Rd8
23.Rd2 Re8 24.Bf4 Ne6 25.Nxe6 Bxe6 26.Bd6 Bh6 27.Bf4 Bxf4 28.gxf4 a4 29.Rd4 a3
30.Rcd1 Bf5 31.b4 Be6 32.Be4 Ra4 33.Rb1 Bc8 34.Bc2 Ra8 35.Bb3 Be6 36.Rbd1 Rac8
37.Rd6 c5 38.Rb6 Re7 39.Rdd6 cxb4 40.Rxe6 Rxe6 41.c5 Rc6 42.Rxb7+ Kf8 43.Bxe6 Rxe6
44.Rxb4 Re2 45.c6  1/2-1/2

[Event "Thaelmann"]
[Site "Berlin-Ost"]
[Date "1988.??.??"]
[Round "?"]
[White "Boensch, Uwe"]
[Black "Smagin, Sergey"]
[Result "1/2-1/2"]
[WhiteElo "2575"]
[BlackElo "2550"]

1.c4 c6 2.Nc3 d5 3.d4 Nf6 4.e3 e6 5.Nf3 Nbd7 6.Bd3 dxc4 7.Bxc4 b5 8.Be2 b4
9.Na4 Be7 10.Bd2 Bb7 11.O-O O-O 12.Qc2 a5 13.a3 bxa3 14.bxa3 c5 15.dxc5 Be4
16.Qc4 Rc8 17.Qb5 Bc6 18.Qc4 Nxc5 19.Nxc5 Bxf3 20.Bxf3 Qxd2 21.Qd3 Qxd3 22.Nxd3 Rc3
23.Ne5 a4 24.Nc6 Bxa3 25.Nd4 Rb8 26.Ne2 Rcb3 27.Nd4 Rc3 28.Ne2 Rd3 29.Nf4 Rc3
30.Ne2  1/2-1/2

[Event "Berlin op"]
[Site "Berlin-West"]
[Date "1988.??.??"]
[Round "2"]
[White "Popchev, Milko"]
[Black "Krallmann, Matthias"]
[Result "1-0"]
[WhiteElo "2470"]
[BlackElo "2160"]

1.Nf3 Nf6 2.d4 d5 3.c4 c6 4.e3 e6 5.Nc3 Nbd7 6.Qc2 Bd6 7.Be2 O-O 8.O-O e5
9.cxd5 cxd5 10.Nb5 Bb8 11.dxe5 Nxe5 12.Bd2 a6 13.Nbd4 Qd6 14.Qb3 Re8 15.Bb4 Nxf3+
16.Nxf3 Qb6 17.Rfd1 Bg4 18.h3 Be6 19.Qa4 Ba7 20.Bc3 Bd7 21.Qa5 Qxa5 22.Bxa5 Rac8
23.Bc3 Ne4 24.Bd4 Bb8 25.Rac1 Rxc1 26.Rxc1 Rc8 27.Rd1 Be6 28.Bd3 f6 29.Kf1 Kf7
30.Ke2 h6 31.Ne1 Ke7 32.a3 Bd6 33.Bb1 Bb8 34.Ba2 Nd6 35.Nd3 Rc2+ 36.Ke1 Rc8
37.Nf4 Nc4 38.Bb1 Bf7 39.Bf5 Rc6 40.Bc3 Nb6 41.Ne2 Nc4 42.a4 Be5 43.Nd4 Rc7
44.Bd3 g6 45.Ke2 Bd6 46.f4 Bc5 47.Rc1 Bb6 48.h4 h5 49.f5 g5 50.hxg5 fxg5
51.f6+ Ke8 52.Nf5 Rc6 53.Bxc4 dxc4 54.Rd1 Bc5 55.Ng7+  1-0

[Event "Berlin op"]
[Site "Berlin-West"]
[Date "1988.??.??"]
[Round "5"]
[White "Rechlis, Gad"]
[Black "Pekarek, Ales"]
[Result "1/2-1/2"]
[WhiteElo "2515"]
[BlackElo "2455"]

1.c4 Nf6 2.Nf3 c6 3.Nc3 d5 4.e3 e6 5.d4 Nbd7 6.Bd3 Bd6 7.O-O O-O 8.e4 dxe4
9.Nxe4 Nxe4 10.Bxe4 h6 11.Bc2 e5 12.Re1 Bb4 13.Re2 exd4 14.Qxd4 Nf6 15.Qh4 Bf5
16.Bd2 Bxd2 17.Rxd2 Qc8 18.Bxf5 Qxf5 19.Rad1 Rfe8 20.b3 Re4 21.Qg3 Rae8 22.h3 Nh5
23.Qc7 Nf4 24.Qd7 R4e6 25.Kh2 Qg6 26.g3 Qh5 27.Ng1 R8e7 28.Qd4 Ne2 29.Qxa7 Nxg1
30.Rxg1 Qf3 31.Qd4 Re2 32.Rgd1 R7e4 33.Qb6 Kh7 34.Rxe2 Rxe2 35.Kg1 Rxa2 36.Rf1 Rb2
37.Qxb7 Rxb3 38.Qd7 Rd3 39.Qa7 Qf5 40.Qb6 Qe4 41.Rc1 Rd6 42.Qb1 Qxb1  1/2-1/2

[Event "Berlin op"]
[Site "Berlin-West"]
[Date "1988.??.??"]
[Round "9"]
[White "Rechlis, Gad"]
[Black "Radulov, Ivan"]
[Result "1/2-1/2"]
[WhiteElo "2515"]
[BlackElo "2450"]

1.c4 c6 2.Nf3 d5 3.e3 Nf6 4.Nc3 e6 5.d4 Be7 6.Bd3 O-O 7.O-O Nbd7 8.e4 dxe4
9.Nxe4 Nxe4 10.Bxe4 c5 11.Bc2 cxd4 12.Qxd4 Qa5 13.Bf4 Rd8 14.a3 Nf6 15.Qe3 Qc5
16.Qxc5 Bxc5 17.b4 Be7 18.Ne5 a5 19.Rab1 axb4 20.axb4 Ra2 21.Bb3 Ra8 22.c5 Rd4
23.Be3 Rxb4 24.Bxe6 Re4 25.Bxc8 Rxc8 26.Nf3  1/2-1/2

[Event "Bern op"]
[Site "Bern"]
[Date "1988.??.??"]
[Round "?"]
[White "Dizdarevic, Emir"]
[Black "Nykopp, Jan Michael F"]
[Result "1/2-1/2"]
[WhiteElo "2485"]
[BlackElo "2230"]

1.Nf3 d5 2.c4 c6 3.e3 Nf6 4.Nc3 e6 5.d4 Bb4 6.Qc2 O-O 7.Bd3 b6 8.O-O Ba6
9.b3 Nbd7 10.Bb2 Qe7 11.a3 Bxc3 12.Bxc3 c5 13.cxd5 Bxd3 14.Qxd3 Nxd5 15.Bb2 cxd4
16.Qxd4 N5f6 17.b4 Rfd8 18.Qh4 Rac8 19.Rac1 Nf8 20.b5 Rxc1 21.Rxc1 Qd7 22.h3 Ng6
23.Qc4 Nd5 24.a4 h6 25.Qd4 Nf6 26.Qxd7 Rxd7 27.Rc8+ Kh7 28.Rc4 Nd5 29.Kf1 Nde7
30.Ke2 f6 31.Ba3 e5 32.g4 Nf8 33.Nd2 Ne6 34.Bxe7 Rxe7 35.Rc6 Nd8 36.Rc8 Ne6
37.h4 Kg6 38.h5+ Kf7 39.Ne4 Rd7 40.Rc6 Nd8 41.Rc4 Ne6 42.Rc6 Nd8 43.Rd6 Ke7
44.Rxd7+ Kxd7 45.Kd3 Nb7 46.Ng3 Nd6 47.Nf5 Ne8 48.Ke4 Ke6 49.f4 exf4 50.Nd4+ Kd6
51.exf4 Kc5 52.Ne6+ Kd6 53.Kf5 Ke7 54.Nd4 Kf7 55.Ke4 Nc7 56.Nc6 a5 57.Na7 Ke6
58.Nc8 Na8 59.Kd4 Kd7 60.Na7 Nc7 61.f5 Na8 62.Nc6 Nc7 63.Kc4 Ne8  1/2-1/2

[Event "Bern op"]
[Site "Bern"]
[Date "1988.??.??"]
[Round "?"]
[White "Raicevic, Vladimir"]
[Black "Kaeser, Udo"]
[Result "1-0"]
[WhiteElo "2475"]
[BlackElo "2260"]

1.d4 d5 2.c4 e6 3.Nc3 c6 4.e3 Nf6 5.Nf3 Nbd7 6.Qc2 Bd6 7.Bd3 O-O 8.b3 Re8
9.O-O dxc4 10.bxc4 e5 11.Bb2 exd4 12.exd4 Nf8 13.Ne5 Bxe5 14.dxe5 Ng4 15.Ne4 Nxe5
16.Rad1 Bg4 17.f3 Bh5 18.Qc3 Qh4 19.Nd6 Re6 20.Bf5 Re7 21.Rde1 f6 22.g3  1-0

[Event "Biel"]
[Site "Biel"]
[Date "1988.??.??"]
[Round "?"]
[White "Ftacnik, Lubomir"]
[Black "Tukmakov, Vladimir B"]
[Result "0-1"]
[WhiteElo "2590"]
[BlackElo "2590"]

1.d4 d5 2.c4 c6 3.Nc3 Nf6 4.e3 e6 5.Nf3 Nbd7 6.Bd3 dxc4 7.Bxc4 b5 8.Bd3 Bb7
9.e4 b4 10.Na4 c5 11.e5 Nd5 12.O-O cxd4 13.Nxd4 Nxe5 14.Bb5+ Nd7 15.Re1 Rc8
16.Qh5 g6 17.Qe5 Qf6 18.Qxf6 Nxf6 19.Bg5 Bg7 20.Bxf6 Bxf6 21.Rad1 Rc7 22.Nc2 Rxc2
23.Rxd7 Ba6 24.Rb7+ Bxb5 25.Rxb5 O-O 26.Rxb4 Rd8 27.a3 Rdd2 28.Rf4 Bd4 29.Kh1 e5
30.Rf3 e4 31.Rf4 Bxf2 32.Rf1 e3  0-1

[Event "Biel"]
[Site "Biel"]
[Date "1988.??.??"]
[Round "?"]
[White "Tukmakov, Vladimir B"]
[Black "Nogueiras, Jesus"]
[Result "0-1"]
[WhiteElo "2590"]
[BlackElo "2550"]

1.d4 d5 2.c4 c6 3.Nc3 Nf6 4.e3 e6 5.Nf3 Nbd7 6.Bd3 dxc4 7.Bxc4 b5 8.Bd3 a6
9.e4 c5 10.d5 c4 11.Bc2 e5 12.O-O Bb4 13.Bd2 O-O 14.a4 Rb8 15.axb5 axb5 16.Na2 Bd6
17.Nb4 Bb7 18.Bc3 Qe7 19.Qd2 Nc5 20.Rfe1 Rbd8 21.Rad1 Nfd7 22.Nc6 Qe8 23.Nh4 g6
24.f4 f6 25.Nf3 Ra8 26.fxe5 fxe5 27.Ra1 Rxa1 28.Rxa1 Nf6 29.Re1 Bxc6 30.dxc6 Qxc6
31.Nxe5 Qc7 32.Nf3 Bf4 33.Qe2 Ng4 34.e5 Be3+ 35.Kh1 Nd3 36.Rf1 Ngf2+ 37.Kg1 Nh3+
38.Kh1 Ndf2+ 39.Rxf2 Nxf2+ 40.Kg1 Qa7 41.g3 Qa1+ 42.Be1 Rxf3 43.Kg2 Rf8  0-1

[Event "Bielsko Biala"]
[Site "Bielsko Biala"]
[Date "1988.??.??"]
[Round "1"]
[White "Staniszewski, Piotr"]
[Black "Matlak, Marek"]
[Result "1/2-1/2"]
[WhiteElo "2440"]
[BlackElo "2410"]

1.d4 d5 2.c4 e6 3.Nc3 c6 4.Nf3 Nf6 5.e3 Nbd7 6.Bd3 dxc4 7.Bxc4 b5 8.Bd3 Bb7
9.e4 b4 10.Na4 c5 11.e5 Nd5 12.Nxc5 Nxc5 13.dxc5 Bxc5 14.O-O h6 15.Nd2 Qc7
16.Nc4 O-O-O 17.Qe2 Kb8 18.Bd2 Nb6 19.Na5 Qd7 20.Be4 Bxe4 21.Qxe4 Qd5 22.Qxd5 Rxd5
23.Bxb4  1/2-1/2

[Event "Bielsko Biala"]
[Site "Bielsko Biala"]
[Date "1988.??.??"]
[Round "3"]
[White "Bany, Jerzy"]
[Black "Matlak, Marek"]
[Result "1/2-1/2"]
[WhiteElo "2450"]
[BlackElo "2410"]

1.d4 d5 2.Nf3 c6 3.c4 e6 4.Nc3 Nf6 5.e3 Nbd7 6.Qc2 Be7 7.Be2 O-O 8.O-O b6
9.e4 dxe4 10.Nxe4 Qc7 11.Bg5 Re8 12.Nxf6+ Nxf6 13.Ne5 Bb7 14.Bf3 c5 15.Bxb7 Qxb7
16.dxc5 bxc5 17.h3 h6 18.Be3 Nd7 19.Nf3 Rad8 20.Rad1 Nb8 21.b3 Nc6 22.Qe4 Rxd1
23.Rxd1 Rd8 24.Rxd8+ Nxd8 25.Qg4 Kf8 26.Ne5 Qc7 27.Nd3 Nb7 28.Qe4 Kg8 29.Bf4 Qc8
30.Be5 Bf8 31.Bc3 Nd6 32.Qf3 Nf5 33.Ne5 f6 34.Qc6 Nd6 35.Qxc8 Nxc8 36.Nd3 Kf7
37.Bd2 Nb6 38.Be3 Nd7 39.Kf1 e5 40.Nb2 Ke6 41.Na4 f5 42.f3 Kd6 43.Nc3 Kc6
44.Ke2 Nb6 45.Bf2 Na8 46.g4 g6 47.Nd5 Kd6 48.gxf5 gxf5 49.b4 cxb4 50.Bxa7 Kc6
51.Bb8 e4 52.fxe4 fxe4 53.Ke3 Kc5 54.Kxe4 Kxc4 55.Bf4 b3 56.axb3+ Kxb3 57.Kf5 Kc4
58.Ke6 Kd4 59.h4 Ke4 60.Bd2 h5 61.Bg5 Bc5 62.Bd8 Bf2 63.Kd6 Kf5 64.Kc6 Kg4
65.Nf6+ Kh3  1/2-1/2

[Event "BCF-ch"]
[Site "Blackpool"]
[Date "1988.??.??"]
[Round "?"]
[White "Cooper, Lawrence"]
[Black "Muir, Andrew J"]
[Result "1/2-1/2"]
[WhiteElo "2335"]
[BlackElo "2240"]

1.d4 d5 2.c4 e6 3.Nc3 c6 4.e3 Nf6 5.Nf3 Nbd7 6.Bd3 dxc4 7.Bxc4 b5 8.Bd3 Bb7
9.O-O a6 10.Qe2 c5 11.Rd1 Qb6 12.b3 Bd6  1/2-1/2

[Event "URS-ch otbor56"]
[Site "Blagoveshchensk"]
[Date "1988.??.??"]
[Round "?"]
[White "Kupreichik, Viktor D"]
[Black "Sorokin, Maxim"]
[Result "1-0"]
[WhiteElo "2445"]
[BlackElo "2390"]

1.c4 e6 2.Nf3 d5 3.d4 Nf6 4.Nc3 c6 5.e3 Nbd7 6.Bd3 Bb4 7.O-O O-O 8.a3 Bd6
9.e4 dxe4 10.Nxe4 Nxe4 11.Bxe4 e5 12.Bc2 Re8 13.Re1 exd4 14.Rxe8+ Qxe8 15.Qxd4 Bc7
16.Bd2 Nf8 17.Re1 Be6 18.Bc3 f6 19.Bb4 Qd7 20.Bxf8 Kxf8 21.Qc5+ Kg8 22.Qh5 h6
23.Qg6 Kf8 24.Qh7 Rd8 25.g3 Bxc4 26.Nh4 Re8 27.Qh8+ Bg8 28.Rxe8+ Qxe8 29.Bh7  1-0

[Event "URS-ch otbor56"]
[Site "Blagoveshchensk"]
[Date "1988.??.??"]
[Round "?"]
[White "Zilberstein, Valery I"]
[Black "Sorokin, Maxim"]
[Result "1/2-1/2"]
[WhiteElo "2350"]
[BlackElo "2390"]

1.d4 d5 2.c4 c6 3.Nf3 Nf6 4.Nc3 e6 5.e3 Nbd7 6.Qc2 Bd6 7.Be2 O-O 8.e4 dxe4
9.Nxe4 Nxe4 10.Qxe4 Bb4+ 11.Bd2 Bxd2+ 12.Nxd2 Re8 13.f4 c5 14.O-O-O Nf6 15.Qe5 cxd4
16.Nb3 Qe7 17.Rxd4 Nd7 18.Qd6 Qxd6 19.Rxd6 e5 20.c5 a6 21.fxe5 Nxe5 22.Na5 Nd7
23.Bf3 Nxc5 24.Rhd1 Kf8 25.R1d4 Rb8 26.Kd2 Bf5 27.Rb6 Re6 28.Rxe6 Nxe6 29.Rd6 Nd8
30.Rb6 Bc8 31.Nb3 Ne6 32.Ke3 Ke7 33.Nd4 Nd8 34.a4 Kd7 35.a5 Kc7 36.Bd5 Bd7
37.Kd3 Nc6 38.Bxc6 Bxc6 39.Nxc6 bxc6 40.Rxa6 Rxb2 41.Ra7+ Kb8 42.Rxf7 Rxg2
43.Kd4 Rg5 44.a6 h5  1/2-1/2

[Event "US op"]
[Site "Boston"]
[Date "1988.??.??"]
[Round "?"]
[White "Christiansen, Larry Mark"]
[Black "Donaldson, John W"]
[Result "1/2-1/2"]
[WhiteElo "2575"]
[BlackElo "2415"]

1.d4 d5 2.c4 c6 3.Nf3 Nf6 4.Nc3 e6 5.e3 Nbd7 6.Bd3 dxc4 7.Bxc4 b5 8.Bd3 a6
9.a4 b4 10.Ne4 c5 11.Nxf6+ Nxf6 12.dxc5 Bxc5 13.e4 Bb7 14.Qe2 O-O 15.O-O e5
16.Bg5 h6 17.Bh4 Qe7 18.Rac1 Rfc8 19.Nd2 Qe6 20.Bc4 Qg4 21.Bxf6 Qxe2 22.Bxe2 gxf6
23.Bg4 Rd8 24.Nb3 Bd4 25.Nxd4 Rxd4 26.f3 a5 27.Rfd1 Rad8 28.Rxd4 Rxd4 29.Bh5 Ba6
30.b3 Rd7 31.h4 Be2 32.Rc5 Bd1 33.Rxa5 Bxb3 34.Rb5 Bxa4 35.Rxb4 Rd1+ 36.Kh2 Bd7
37.f4 Rd2 38.Rb6 Kg7 39.f5 Rd4 40.Rb7 Rxe4 41.Bxf7 Kxf7 42.Rxd7+ Ke8 43.Rd6 Rxh4+
44.Kg3 Rf4 45.Rxf6 Kd7 46.Kh3 Ke7 47.Re6+ Kf7 48.g4 h5  1/2-1/2

[Event "US op"]
[Site "Boston"]
[Date "1988.??.??"]
[Round "?"]
[White "Dlugy, Maxim"]
[Black "Marchand, Erich Watkinson"]
[Result "1-0"]
[WhiteElo "2550"]
[BlackElo "2320"]

1.d4 d5 2.c4 c6 3.Nc3 Nf6 4.e3 e6 5.Nf3 Nbd7 6.Qc2 Bd6 7.Bd3 dxc4 8.Bxc4 e5
9.O-O O-O 10.h3 Qe7 11.Bb3 h6 12.Nh4 Rd8 13.Nf5 Qf8 14.Nxd6 Qxd6 15.Ne2 Nf8
16.Bd2 e4 17.Ng3 Re8 18.f4 Be6 19.Bxe6 Qxe6 20.f5 Qd5 21.Rf4 N8d7 22.Ne2 Qd6
23.Nc3 Qe7 24.Be1 g5 25.fxg6 fxg6 26.Qb3+ Qe6 27.Qxb7 Reb8 28.Qa6 Rxb2 29.Qa3 Rb7
30.Bg3 g5 31.Rf2 Rf8 32.Raf1 Rf7 33.Qd6 Qc4 34.Nxe4  1-0

[Event "US op"]
[Site "Boston"]
[Date "1988.??.??"]
[Round "?"]
[White "Rizzitano, James"]
[Black "Shipman, Walter"]
[Result "1-0"]
[WhiteElo "2435"]
[BlackElo "2350"]

1.d4 d5 2.c4 c6 3.Nc3 Nf6 4.e3 e6 5.Nf3 Nbd7 6.Bd3 Bd6 7.e4 dxe4 8.Nxe4 Nxe4
9.Bxe4 O-O 10.O-O h6 11.Bc2 e5 12.Qd3 f5 13.c5 Bc7 14.dxe5 Nxe5 15.Qb3+ Kh8
16.Re1 Qf6 17.Bf4 Nxf3+ 18.Qxf3 Bxf4 19.Qxf4 Qxb2 20.Bb3 b6 21.Rad1 Ba6 22.Rd6 Rf6
23.h4 bxc5 24.Rxf6 Qxf6 25.Re6 Qa1+ 26.Kh2 c4 27.Bc2 Rf8 28.Bxf5 Kg8 29.Rxc6 Bb7
30.Be6+ Kh7 31.Qxf8  1-0

[Event "Budapest"]
[Site "Budapest"]
[Date "1988.??.??"]
[Round "?"]
[White "Vegh, Endre"]
[Black "Hoelzl, Franz"]
[Result "1-0"]
[WhiteElo "2395"]
[BlackElo "2370"]

1.d4 d5 2.c4 e6 3.Nc3 c6 4.e3 Nf6 5.Nf3 Nbd7 6.Bd3 dxc4 7.Bxc4 b5 8.Bd3 a6
9.e4 c5 10.e5 cxd4 11.Nxb5 axb5 12.exf6 Qb6 13.fxg7 Bxg7 14.Qe2 O-O 15.Bxb5 Nc5
16.Nxd4 Rd8 17.Nc2 Rb8 18.Bc4 Qa5+ 19.Bd2 Qa8 20.O-O Rxb2 21.Bg5 Rd7 22.Rab1 Rxb1
23.Rxb1 Ne4 24.Qg4 Qc6 25.Bb3 h5 26.Qf3 Bb7 27.Be3 Qb5 28.Qh3 Qe2 29.Qf3 Qd3
30.Qxh5 Nf6 31.Qa5 Qg6 32.Qg5 Qd3 33.h3 Ne4 34.Qg4 Nc3 35.Bh6 Qh7 36.Bxg7 Qxg7
37.Qxg7+ Kxg7 38.Re1 Rd2 39.Nb4 Ne2+ 40.Kh2 Nf4 41.Kg1 Bxg2 42.Rd1 Rxd1+
43.Bxd1 Bxh3 44.Bf3 Bf5 45.a4 e5 46.Bb7 Ne2+ 47.Kf1 Nc3 48.a5 Nb5 49.a6 Na7
50.Ke2 Bd7 51.Kd3 f5 52.Kc4 Kf6 53.Kc5 Nc8 54.Nd5+ Ke6 55.Nb6  1-0

[Event "Budapest"]
[Site "Budapest"]
[Date "1988.??.??"]
[Round "?"]
[White "Danner, Georg"]
[Black "Lukacs, Peter"]
[Result "1/2-1/2"]
[WhiteElo "2425"]
[BlackElo "2490"]

1.d4 d5 2.Nf3 Nf6 3.c4 e6 4.Nc3 c6 5.e3 Nbd7 6.Bd3 dxc4 7.Bxc4 b5 8.Bd3 Bb7
9.e4 b4 10.Na4 c5 11.e5 Nd5 12.Nxc5 Nxc5 13.dxc5 Bxc5 14.O-O h6 15.Qe2 Qb6
16.Bd2 Ke7 17.Rac1 Rac8 18.Qe4  1/2-1/2

[Event "Budapest"]
[Site "Budapest"]
[Date "1988.??.??"]
[Round "?"]
[White "Vegh, Endre"]
[Black "Lukacs, Peter"]
[Result "0-1"]
[WhiteElo "2395"]
[BlackElo "2490"]

1.d4 Nf6 2.c4 e6 3.Nf3 d5 4.Nc3 c6 5.e3 Nbd7 6.Bd3 dxc4 7.Bxc4 b5 8.Bd3 Bb7
9.e4 b4 10.Na4 c5 11.e5 Nd5 12.Nxc5 Nxc5 13.dxc5 Bxc5 14.O-O h6 15.Qe2 Qb6
16.Bd2 Ke7 17.Rac1 Rhc8 18.Rc2 Rc7 19.Rfc1 Rac8 20.Bc4 a5 21.Ne1 Bd4 22.b3 Nc3
23.Bxc3 Bxc3 24.Nd3 Qd4 25.Rd1 Rd8 26.Rcc1 Qe4 27.Qf1 a4 28.Rc2 a3 29.Kh1 Rcd7
30.Re2 Qf5 31.Re3 Bxe5 32.Rde1 Bc3 33.Rxe6+ fxe6 34.Bxe6 Qg5 35.Bxd7+ Bxe1  0-1

[Event "Noviki"]
[Site "Budapest"]
[Date "1988.??.??"]
[Round "?"]
[White "Mikhalchishin, Adrian"]
[Black "Karolyi, Tibor Jr"]
[Result "1/2-1/2"]
[WhiteElo "2480"]
[BlackElo "2450"]

1.Nf3 d5 2.d4 c6 3.c4 Nf6 4.Nc3 e6 5.e3 Nbd7 6.Bd3 dxc4 7.Bxc4 b5 8.Bd3 a6
9.e4 c5 10.e5 cxd4 11.Nxb5 Nxe5 12.Nxe5 axb5 13.Bxb5+ Bd7 14.Nxd7 Qa5+ 15.Bd2 Qxb5
16.Nxf8 Kxf8 17.a4 Qxb2 18.O-O Nd5 19.Rb1 Qa3 20.Rb7 h5 21.Re1  1/2-1/2

[Event "Noviki"]
[Site "Budapest"]
[Date "1988.??.??"]
[Round "?"]
[White "Franke, Heribert"]
[Black "Lukacs, Peter"]
[Result "1/2-1/2"]
[WhiteElo "2360"]
[BlackElo "2465"]

1.d4 Nf6 2.Nf3 d5 3.c4 e6 4.Nc3 c6 5.e3 Nbd7 6.Qc2 Bd6 7.Be2 O-O 8.O-O dxc4
9.Bxc4 Qe7 10.Rd1 a6 11.a3 b5 12.Be2 c5 13.dxc5 Bxc5 14.Ne4 Bb7 15.Nxc5 Qxc5
16.Qxc5 Nxc5 17.b4 Na4 18.Bd2 Ne4 19.Rac1 Nb2 20.Re1 Rfd8  1/2-1/2

[Event "ARG-ch"]
[Site "Buenos Aires"]
[Date "1988.??.??"]
[Round "?"]
[White "Szmetan, Jorge"]
[Black "Garbarino, Rodolfo"]
[Result "1-0"]
[WhiteElo "2405"]
[BlackElo "2330"]

1.Nf3 d5 2.c4 c6 3.d4 Nf6 4.Nc3 e6 5.e3 Nbd7 6.Qc2 Bd6 7.Bd2 O-O 8.O-O-O b5
9.cxb5 c5 10.e4 Bb7 11.exd5 exd5 12.Bd3 a6 13.Bg5 Qa5 14.b6 cxd4 15.Nxd4 Ne4
16.Bxe4 dxe4 17.Be3 Bb4 18.Nb3 Qf5 19.Kb1 Rac8 20.g4 Qe6 21.Nd4 Qxb6 22.Nf5 Qe6
23.Bd4 Ne5 24.Rhe1 f6 25.Qa4 Bxc3 26.Bxc3 Nxg4 27.Qd7 Qxd7 28.Rxd7 Rf7 29.Rxf7 Kxf7
30.Nd6+ Kg6 31.Nxb7 Nxf2 32.Rg1+ Kh6 33.Nd6 Rc5 34.Bd4 Rd5 35.Nf7+ Kh5 36.Bxf2  1-0

[Event "Buenos Aires"]
[Site "Buenos Aires"]
[Date "1988.??.??"]
[Round "?"]
[White "Franco Ocampo, Zenon"]
[Black "Cifuentes Parada, Roberto"]
[Result "1-0"]
[WhiteElo "2425"]
[BlackElo "2530"]

1.d4 Nf6 2.Nf3 e6 3.c4 d5 4.Nc3 c6 5.e3 Nbd7 6.Qc2 Bd6 7.Be2 O-O 8.O-O e5
9.cxd5 cxd5 10.Nb5 Bb8 11.dxe5 Nxe5 12.Bd2 Nxf3+ 13.Bxf3 Bg4 14.Nd4 Qd6 15.g3 Rc8
16.Qb3 Qd7 17.Bxg4 Nxg4 18.Rad1 Be5 19.Bc3 Nf6 20.Ne2 Re8 21.Bxe5 Rxe5 22.Rd4 Rae8
23.Rfd1 g5 24.Nc3 Rd8 25.Nxd5 Nxd5 26.e4 Qe7 27.exd5 Rd6 28.h4 h6 29.Kg2 Re2
30.hxg5 hxg5 31.R1d2 Re1 32.Rd1 Re2 33.R1d2 Re1 34.Qc2 Kg7 35.Qf5 Re5 36.Qd3 f5
37.Qc3 Kg6 38.Rd1 g4 39.Qd3 Kg7 40.Rh1 Qg5 41.Qc3 Kg6 42.Qc8 Qd8 43.Qxb7 Re7
44.Qb3 Re5 45.Qc2 Kf7 46.Rh7+ Kf6 47.Qd2 Rexd5 48.Rh6+ Ke7 49.Rxd6 Rxd6 50.Qg5+  1-0

[Event "BUL-ch"]
[Site "BUL"]
[Date "1988.??.??"]
[Round "?"]
[White "Semkov, Semko"]
[Black "Velikov, Petar"]
[Result "1/2-1/2"]
[WhiteElo "2470"]
[BlackElo "2475"]

1.d4 d5 2.c4 c6 3.Nc3 Nf6 4.e3 e6 5.Nf3 a6 6.c5 b6 7.cxb6 Nbd7 8.Na4 Nxb6
9.Bd2 Nxa4 10.Qxa4 Bd7 11.Ne5 c5 12.Nxd7 Qxd7 13.Qxd7+ Kxd7 14.dxc5 Bxc5
15.Bd3 a5 16.Ke2 Rab8 17.Rhc1 Bb4 18.Bxb4 Rxb4 19.b3 Rc8 20.Rxc8 Kxc8 21.Rc1+  1/2-1/2

[Event "BUL-ch"]
[Site "BUL"]
[Date "1988.??.??"]
[Round "?"]
[White "Georgiev, Kiril"]
[Black "Popchev, Milko"]
[Result "1/2-1/2"]
[WhiteElo "2595"]
[BlackElo "2470"]

1.c4 e6 2.Nc3 d5 3.d4 c6 4.Nf3 Nf6 5.e3 Nbd7 6.Bd3 a6 7.e4 dxe4 8.Bxe4 Nxe4
9.Nxe4 Be7 10.O-O Nf6 11.Qe2 O-O 12.Bg5 Nxe4 13.Bxe7 Ng3 14.hxg3 Qxe7 15.c5 Rd8
16.Qe3 f6 17.Rfe1 Qd7 18.Qf4 Qd5 19.a4 Bd7 20.Qc7 Rab8 21.b4 Be8 22.Re3 Bf7
23.Rae1 Qc4 24.Re4 Qd5 25.Qf4 b6 26.Qc7 b5 27.axb5 Rxb5 28.R4e3 Rd7 29.Qc8+ Rd8
30.Qxa6 Rxb4  1/2-1/2